000 01194nam a2200325 c 4500
003 BLK
005 20180422113645.0
008 180410b bul|||||r ||||||| ||bul||
010 _aKNG00166755000
040 _aBLK
041 _aBUL
_cBUL
080 _aТехника. Технически науки
_b62
_x
_z62
100 1 _aГилде, Вернер
_eпърви автор
_954058
700 1 _aПопов, Георги
_eпрев. от нем.
_9366593
139 _aГилде, Вернер
_bГ 47
245 1 0 _aРекорди в техниката
_b[Научнопопул. четиво]
_cВернер Гилде; прев. от нем. Георги Попов.
257 _aDEU
260 София
_bТехника
_c1988
300 _a199 с.
_bс диагр., к., ил.
_c17 см
380 _a62
500 _aОриг. загл. Uber Rekorde in der Technik / Werner Gilde. - Предм. показалец.
650 4 _aТехника
_9173585
653 _aрекорди
653 _aтехника
852 _aЦб І 24172
856 4 _qpdf
_u
856 4 _qpdf
_u
942 _cKNG
_n0
944 _aCR
_c27.09.2016
_kИрена_Линкова
944 _aED
_c27.09.2016
_kИрена_Линкова
999 _c159583
_d159583